000 00339nam a2200145Ia 4500
008 230718s9999 xx 000 0 und d
041 _aEng.
082 _a34202
_bKEE-T
100 _aKeefe, weilliam
245 4 _aThe American legistative
260 _aPakistan
_bSweet and Mawell
_c1996
300 _a521
650 _aLaw
999 _c28610
_d28610